000 00591nam a2200241Ia 4500
003 OSt
005 20220918192715.0
006 a|||||r|||| 00| 0
007 ta
008 220917b |||||||| |||| 00| 0 eng d
024 _a69,724
037 _cTextual
040 _aARTS
_cARTS
_beng
041 _2eng
_aeng
082 _aQz7, K9
100 _aMill J S
_979849
245 0 _aThree essays on religion
260 _aN York
_bGreenwood
_c1969
300 _axi, 302p.
_ccm.
650 _aRELIGION
942 _hQz7, K9
_cTEXL
_2CC
999 _c195855
_d195855